Statistics for Portmanteaus Quiz #2

Click here to take the quiz!

General Stats

  • This quiz has been taken 45,483 times
    (33,288 since last reset)
  • The average score is 26 of 36

Answer Stats

PortmanteauComponent% Correct
FrenemyEnemy
98%
FrenemyFriend
97%
ChillaxChill
96%
MotelHotel
96%
BollywoodHollywood
94%
EmoticonEmotion
94%
SporkSpoon
93%
GinormousEnormous
93%
GaydarGay
93%
SporkFork
93%
LigerTiger
93%
ChillaxRelax
93%
HangryAngry
91%
LigerLion
91%
GinormousGigantic
91%
HangryHungry
91%
GaydarRadar
89%
PastafarianPasta
88%
TangeloTangerine
82%
StagflationInflation
81%
OxbridgeOxford
76%
PastafarianRastafarian
75%
StagflationStagnation
71%
EmoticonIcon
69%
OxbridgeCambridge
67%
KeytarGuitar
64%
KeytarKeyboard
58%
MotelMotor
55%
WintelIntel
54%
PokemonMonster
47%
PokemonPocket
43%
BollywoodBombay
40%
WintelWindows
28%
TangeloPomelo
28%
LinuxLinus
20%
LinuxUnix
15%

Score Distribution

Percentile by Number Answered

Percent of People with Each Score

Your Score History

You have not taken this quiz since the last reset